| 000 | 00728nam a22002417a 4500 | ||
|---|---|---|---|
| 003 | UA-OsUOA | ||
| 001 | 85991 | ||
| 007 | ta | ||
| 008 | 20120726b un ||||| |||| 00| 0 ukr d | ||
| 100 | _aБазилюк А.В. | ||
| 090 |
_a330.1(075.8) _bБ17 |
||
| 942 | _cBK | ||
| 040 |
_aUA-OsUOA _bukr _cUA-OsUOA _dUA-OsUOA |
||
| 245 |
_aЕкономічна теорія _bпрактикум: навч. посіб. _cБазилюк А.В., Дерій Ж.В., Концева В.В., Хоменко І.О. |
||
| 300 | _a312 с. | ||
| 955 | _a2 | ||
| 041 | _aukr | ||
| 080 | _a330.1(075.8) | ||
| 020 | _a978-617-673-012-5 | ||
| 260 |
_aК. _bЦУЛ _c2012 |
||
| 650 | 7 |
_a330 Економіка взагалі _2UDC |
|
| 999 |
_c372297 _d372297 |
||